000 00650nam a22002537a 4500
003 UA-OsUOA
001 32874
007 ta
008 20050215b un ||||| |||| 00| 0 ukr d
100 _aГоловащук С. І.
090 _a81'374.3
_bГ61
942 _cBK
040 _aUA-OsUOA
_bukr
_cUA-OsUOA
_dUA-OsUOA
245 _aСловник-довідник з українського слововживання
300 _a448 с.
955 _a0
041 _aukr
080 _a81'374.3
020 _a966-00-0350-1
260 _aК.
_bНаукова думка
_c2004
044 _aUA
650 7 _2UDC
999 _c319327
_d319327